| 000 | 01016nmm a2200289 a 4500 | ||
|---|---|---|---|
| 001 | ocm0002146442 | ||
| 003 | TR-IsHL | ||
| 005 | 20201028182915.0 | ||
| 008 | 190210s2009 tu tur | ||
| 007 | cr cn | ||
| 020 | _a9786058946804 | ||
| 035 |
_a2146442 _b(N$T) |
||
| 050 | 0 | 4 |
_aLB3205 _b.Ö47 2009 |
| 090 | 0 | 4 |
_aLB3205 _b.Ö47 2009 |
| 100 | 1 | _aÖzer, Mustafa | |
| 245 | 1 | 0 |
_aKırklareli-Pınarhisar Sadullah Koloğlu İlkokulu _h[electronic resource] / _cMustafa Özer |
| 250 | _a1. bs. | ||
| 260 |
_aEdirne : _bYöre Dergisi Yayınları, _c2009 |
||
| 300 | _a41 p. | ||
| 650 | 4 | _aEğitim | |
| 650 | 4 | _aEducation | |
| 650 | 0 |
_aÜniversiteler ve yüksekokullar _x Türkiye _x Bina |
|
| 650 | 0 |
_aUniversities and colleges _x Turkey _x Buldings |
|
| 650 | 0 |
_aSadullah Koloğlu İlköğretim Okulu _x Kırklareli _x Pınarhisar |
|
| 650 | 7 |
_aARCHITECTURE / Buildings / General _2bisacsh |
|
| 856 | 4 | 0 | _uhttp://search.ebscohost.com/login.aspx?direct=true&scope=site&db=e011xww&AN=2146442 |
| 999 |
_c20288 _d20288 |
||